| 000 | 01026nam a22001937a 4500 | ||
|---|---|---|---|
| 005 | 20251008195236.0 | ||
| 008 | s2498 th tha d | ||
| 040 | _aNALT | ||
| 041 | _atha | ||
| 090 |
_aอศ _bห932ค 2498 |
||
| 245 | 0 | 0 |
_aคำเทศนา เรื่อง พิธีกงเต๊ก และอานิสงส์ / _cของ ท่านพระอาจารย์จีนธรรมสมาธิวัดร์ (โพธิ์แจ้ง). |
| 260 |
_aพระนคร : _bโรงพิมพ์ท่งเชียงไท, _c2498. |
||
| 300 |
_a22 หน้า ; _b _c19 ซม. |
||
| 500 | _aนายพลตำรวจตรี ละม้าย อุทยานานนท์ แจกในวันประชุมเพลิงศพ คุณแม่ใหญ่ เสนางค์วิจารณ์ | ||
| 650 | 4 |
_aกงเต๊ก _925555 |
|
| 850 | _aNALT | ||
| 856 | 4 | 0 | _uhttps://hdl.handle.net/20.500.14156/515215 |
| 942 |
_cRRB _2local |
||
| 999 |
_c23335 _d23335 |
||
| 998 |
_j4612 _k นางสาววัลยา พุ่มต้นวงค์ |
||